[Event "UZB-ch (Women)"]
[Site "Tashkent"]
[Date "2022.04.23"]
[Round "9"]
[White "Khusainova, Ozoda"]
[Black "Khabibullaeva, Mokhinur"]
[Result "1-0"]
[WhiteElo "1651"]
[BlackElo "1459"]
[PlyCount "83"]
[EventDate "2022.04.15"]
[EventType "tourn"]
[EventRounds "9"]
[EventCountry "UZB"]
[SourceTitle "EXT 2023"]
[Source "ChessBase"]
[SourceDate "2022.10.05"]
[SourceVersion "1"]
[SourceVersionDate "2022.10.05"]
[SourceQuality "1"]

1. d4 Nf6 2. c4 g6 3. Nc3 Bg7 4. e4 d6 5. f3 0-0 6. Be3 c5 7. Nge2 cxd4 8. Nxd4 Nc6 9. Qd2 Bd7 10. Be2 Ne5 11. 0-0 Rc8 12. b3 h5 13. Rac1 Kh7 14. Rfd1 Qe8 15. h3 a6 16. f4 Nc6 17. Nf3 Ng8 18. e5 Nh6 19. Nd5 Bf5 20. exd6 exd6 21. Re1 Qd8 22. Rcd1 Re8 23. Bb6 Qd7 24. Bf2 Rb8 25. Bh4 Ng8 26. Ng5+ Kh8 27. Bf2 f6 28. Nb6 Qc7 29. Qxd6 Qxd6 30. Nf7+ Kh7 31. Nxd6 Red8 32. Nxf5 gxf5 33. Bxh5 Bh6 34. g3 Nb4 35. Nd5 Nc6 36. Bb6 Rf8 37. Bc7 Rbc8 38. Bd6 Rfd8 39. Nb6 Bf8 40. Nxc8 Rxc8 41. Bxf8 Rxf8 42. Rd7+ 1-0

[Event "Western Asia-ch U18 Girls"]
[Site "Delhi"]
[Date "2019.09.06"]
[Round "1"]
[White "Mrudul, Dehankar"]
[Black "Khusainova, Ozoda"]
[Result "1-0"]
[WhiteElo "2198"]
[BlackElo "1783"]
[PlyCount "53"]
[EventDate "2019.09.06"]
[EventType "swiss"]
[EventRounds "9"]
[EventCountry "IND"]
[SourceTitle "CBM 192 Extra"]
[Source "Chessbase"]
[SourceDate "2019.11.06"]
[SourceVersion "1"]
[SourceVersionDate "2019.11.06"]
[SourceQuality "1"]

1. e4 c6 2. d4 d5 3. Nd2 dxe4 4. Nxe4 Bf5 5. Ng3 Bg6 6. N1e2 h6 7. Nf4 Bh7 8. Bc4 Nf6 9. 0-0 e6 10. Re1 Be7 11. c3 Nbd7 12. Bxe6 0-0 13. Bf5 g6 14. Bc2 Bd6 15. Nd3 h5 16. Bg5 Qc7 17. Qf3 Kg7 18. Re2 Rae8 19. Rae1 Bg8 20. Nf4 Rxe2 21. Rxe2 Bxf4 22. Bxf4 Qc8 23. Ne4 Nxe4 24. Qxe4 f5 25. Qe7+ Rf7 26. Qg5 Nf8 27. Qh6+ 1-0

[Event "Issyk Kul op"]
[Site "Cholpon Ata"]
[Date "2019.08.21"]
[Round "5"]
[White "Khusainova, Ozoda"]
[Black "Abylkasymov, Kairatbek"]
[Result "1/2-1/2"]
[WhiteElo "1848"]
[BlackElo "1797"]
[PlyCount "39"]
[EventDate "2019.08.19"]
[EventType "swiss"]
[EventRounds "9"]
[EventCountry "KGZ"]
[SourceTitle "EXT 2020"]
[Source "ChessBase"]
[SourceDate "2019.10.17"]
[SourceVersion "1"]
[SourceVersionDate "2019.10.17"]
[SourceQuality "1"]

1. e4 e5 2. Nf3 Nc6 3. d4 exd4 4. Nxd4 Nf6 5. Nxc6 bxc6 6. Bd3 d5 7. 0-0 Be7 8. Nd2 0-0 9. h3 Nd7 10. c3 Nc5 11. Bc2 Ba6 12. Re1 Nd3 13. Re3 Nxc1 14. Rxc1 Bg5 15. Rg3 dxe4 16. Nxe4 Bxc1 17. Qxc1 Kh8 18. Ng5 h6 19. Qf4 hxg5 20. Rxg5 1/2-1/2